Statystyki dla Prezydeńci USA pod czas ''Zimnej wojny''

Kliknij tutaj aby rozwiązać quiz!

Ogólne statystyki

  • Ten quiz został rozwiązany 11 razy
  • Średni wynik to 5 z 9

Statystyki odpowiedzi

RokImie prezydenta% Poprawnych
1989-1993George H.W. Bush
82%
1945-1953Harry Truman
82%
1961-1963John Kennedy
82%
1969-1974Richard Nixon
73%
1981-1989Ronald Reagan
64%
1953-1961Dwight Eisenhower
45%
1974-1977Gerald Ford
45%
1977-1981Jimmy Carter
36%
1963-1969Lyndon Johnson
36%

Rozkład punktacji

Percentyl według liczby udzielonych odpowiedzi

Procent ludzi z każdym wynikiem

Twoja historia wyników

Nie rozwiązałeś tego quizu